000 00289nam a2200121Ia 4500
008 191201s2011 xx 000 0 und d
082 _a004.22
_bRAC
100 _aRAO, PVS
245 0 _aComputer Systems Architecture
260 _c2011
_bPHI
_aNEW DELHI
300 _a500
942 _2ddc
_cBK
_02
999 _c7766
_d7766